[Event "ch-city A"]
[Site "Warszawa"]
[Date "2012.06.02"]
[Round "8.4"]
[White "Cajbel, Maciej"]
[Black "Sznapik, Aleksander"]
[Result "1/2-1/2"]
[WhiteElo "2222"]
[BlackElo "2397"]
[PlyCount "69"]
[EventDate "2012.05.26"]
[EventType "swiss"]
[EventRounds "9"]
[EventCountry "POL"]

1. e4 g6 2. d4 Bg7 3. Nc3 c6 4. f4 d5 5. e5 h5 6. Nf3 Nh6 7. Be3 Bg4 8. h3 Bxf3
9. Qxf3 Nf5 10. Bf2 h4 11. Bd3 e6 12. O-O Nd7 13. Ne2 Bf8 14. b3 Be7 15. c4 Kf8
16. Rac1 Kg7 17. Rc2 Nb6 18. c5 Nd7 19. b4 Qc7 20. a4 a6 21. Rb1 Rhb8 22. Rcb2
Qd8 23. Kh2 Nf8 24. Rb3 Rc8 25. Nc3 Nd7 26. Qe2 Nf8 27. b5 axb5 28. axb5 Rc7
29. Qb2 Nd7 30. Ra1 Rcc8 31. Rxa8 Rxa8 32. Ra3 Qh8 33. Rxa8 Qxa8 34. bxc6 bxc6
35. Qa2 1/2-1/2

[Event "ch-city A"]
[Site "Warszawa"]
[Date "2012.06.02"]
[Round "8.5"]
[White "Jarmula, Pawel"]
[Black "Skawinski, Arkadiusz"]
[Result "0-1"]
[WhiteElo "2157"]
[BlackElo "2303"]
[PlyCount "124"]
[EventDate "2012.05.26"]
[EventType "swiss"]
[EventRounds "9"]
[EventCountry "POL"]

1. e4 e6 2. d4 d5 3. Nd2 Nc6 4. Ngf3 Nf6 5. e5 Nd7 6. Bb5 a6 7. Bxc6 bxc6 8.
O-O c5 9. c3 Be7 10. dxc5 Nxc5 11. Nd4 Bd7 12. f4 O-O 13. Qf3 f6 14. exf6 Bxf6
15. Qe3 Re8 16. N4f3 Qe7 17. b4 Na4 18. Ne5 Bb5 19. Re1 c5 20. bxc5 Qxc5 21.
Qxc5 Nxc5 22. Ndf3 Rac8 23. Re3 Na4 24. Bd2 Nb2 25. Rb1 Nc4 26. Nxc4 Rxc4 27.
g3 Ra4 28. Ra1 Ra3 29. Ne5 Rc8 30. Kg2 Bxe5 31. fxe5 Bc4 32. Ree1 Rxa2 33. Rxa2
Bxa2 34. Ra1 Bc4 35. Ra4 Rf8 36. Be3 Rf5 37. Bd4 Bf1+ 38. Kg1 h5 39. Bf2 Bb5
40. Rf4 Rxe5 41. Bc5 Re1+ 42. Kf2 Re2+ 43. Kg1 e5 44. Rf5 g6 45. Rf8+ Kg7 46.
Rd8 Bc4 47. Re8 Kf7 48. Rf8+ Ke6 49. Rg8 Kf5 50. Bd6 d4 51. cxd4 exd4 52. Rf8+
Ke6 53. Bb4 Bb5 54. Rd8 d3 55. Rd6+ Kf5 56. Bc3 Rc2 57. Bb4 g5 58. Rd4 Ke5 59.
Rd8 Ke4 60. Rd6 Kf3 61. Rf6+ Kg4 62. Be1 d2 0-1

[Event "ch-city A"]
[Site "Warszawa"]
[Date "2012.06.02"]
[Round "8.6"]
[White "Adamski, Andrzej"]
[Black "Szczepkowska Horowska, Karina"]
[Result "1-0"]
[WhiteElo "2268"]
[BlackElo "2387"]
[PlyCount "167"]
[EventDate "2012.05.26"]
[EventType "swiss"]
[EventRounds "9"]
[EventCountry "POL"]

1. e4 e5 2. Nf3 Nc6 3. Nc3 Nf6 4. d4 exd4 5. Nxd4 Bb4 6. Nxc6 bxc6 7. Bd3 d5 8.
exd5 cxd5 9. O-O O-O 10. Bg5 c6 11. Qf3 Bd6 12. Rfe1 Rb8 13. Rab1 h6 14. Bh4
Rb4 15. Bxf6 Qxf6 16. Qxf6 gxf6 17. a3 Rb8 18. b4 Be6 19. Ne2 c5 20. bxc5 Bxc5
21. a4 Bb4 22. Red1 Rfc8 23. Kf1 Rb6 24. Ra1 Ba5 25. Rab1 Bb4 26. Ra1 $11 Bd6
27. a5 Rb4 28. Rdb1 Rcb8 29. Rxb4 Rxb4 30. Ke1 d4 31. Kd2 Bd5 32. g3 Bf3 33. a6
h5 34. Ng1 Bc6 35. Ne2 Kf8 36. Kc1 Ke7 37. Ra5 h4 38. gxh4 Bxh2 39. h5 Bf3 40.
Ng3 Bg4 41. h6 Bg1 42. Nf5+ Bxf5 43. Rxf5 Rb8 44. h7 Rh8 45. Rf4 f5 46. Bxf5
Bh2 47. Rxd4 Kf6 48. Bd3 Bc7 49. Rd7 Bb8 50. Kd1 Kg7 51. c4 Rc8 52. Kc2 Bc7 53.
f3 Bb6 54. Rb7 Bc5 55. Kb3 Bd4 56. Kb4 Bc5+ 57. Kb3 Bd4 58. Rd7 Rb8+ 59. Kc2
Bc5 60. Rc7 Bb6 61. Rc6 Bd4 62. Be4 Rd8 63. f4 Be3 64. Rc7 Bb6 65. Rb7 Be3 66.
Kb3 Re8 67. Bf5 Kf6 68. Bc2 Kg7 $11 69. Rc7 Rb8+ 70. Kc3 Bb6 71. Rd7 Rc8 72.
Bf5 Rc7 73. Rd6 Ba5+ 74. Kd3 Rc5 75. Rd5 Rxd5+ 76. cxd5 Bc7 77. Kc4 Bxf4 78.
Kc5 Be5 79. d6 Kf8 80. Bd7 Kg7 81. Bf5 Kf8 82. Kc6 Bd4 83. Kc7 Be5 84. Kc8 1-0

[Event "ch-city A"]
[Site "Warszawa"]
[Date "2012.06.02"]
[Round "8.7"]
[White "Nurkiewicz, Maciej"]
[Black "Guerrero Rodriguez, Alejandra"]
[Result "1-0"]
[WhiteElo "2407"]
[BlackElo "2057"]
[PlyCount "53"]
[EventDate "2012.05.26"]
[EventType "swiss"]
[EventRounds "9"]
[EventCountry "POL"]

1. d4 e6 2. c4 b6 3. e4 Bb7 4. Bd3 Nf6 5. Nc3 Bb4 6. Qe2 c5 7. d5 O-O 8. Nf3
exd5 9. exd5 Re8 10. Be3 b5 11. O-O bxc4 12. Bxc4 Bxc3 13. bxc3 Bxd5 14. Rfd1
Bc6 15. Qc2 Qe7 16. Bg5 Be4 17. Qd2 h6 18. Bh4 Bxf3 19. gxf3 Nc6 20. Kh1 Qe5
21. Rg1 Qf5 22. Rg2 Qxf3 23. Bxf6 Qxf6 24. Rag1 Ne5 25. Bd5 Nf3 26. Rxg7+ Kh8
27. Qd3 1-0

[Event "ch-city A"]
[Site "Warszawa"]
[Date "2012.06.02"]
[Round "8.8"]
[White "Jarmula, Lukasz"]
[Black "Gorecki, Andrzej"]
[Result "1-0"]
[WhiteElo "2050"]
[BlackElo "2102"]
[PlyCount "55"]
[EventDate "2012.05.26"]
[EventType "swiss"]
[EventRounds "9"]
[EventCountry "POL"]

1. e4 e6 2. d4 d5 3. Nc3 Bb4 4. e5 Ne7 5. a3 Bxc3+ 6. bxc3 c5 7. Qg4 Kf8 8. Bd3
Qa5 9. Bd2 Qa4 10. Qh3 cxd4 11. Ne2 Nbc6 12. cxd4 Nxd4 13. Nxd4 Qxd4 14. O-O h5
15. Bb4 Qxe5 16. c4 d4 17. Rae1 Qc7 18. f4 a5 19. Bxe7+ Qxe7 20. f5 e5 21. Qg3
f6 22. Be4 Rb8 23. Bd5 Bd7 24. Rb1 Be8 25. Rb6 Bf7 26. Rfb1 Bxd5 27. cxd5 Ke8
28. Re6 1-0

[Event "ch-city A"]
[Site "Warszawa"]
[Date "2012.06.02"]
[Round "8.9"]
[White "Alvarado, Carlos"]
[Black "Malec, Sebastian"]
[Result "1/2-1/2"]
[WhiteElo "2215"]
[BlackElo "2088"]
[PlyCount "98"]
[EventDate "2012.05.26"]
[EventType "swiss"]
[EventRounds "9"]
[EventCountry "POL"]

1. d4 c5 2. d5 f5 3. g3 Nf6 4. Bg2 g6 5. Nh3 Bg7 6. O-O O-O 7. c4 d6 8. Nc3 Na6
9. Nf4 Nc7 10. h4 Rb8 11. Nb5 a6 12. Nxc7 Qxc7 13. Qc2 Ng4 14. Bd2 b5 15. cxb5
axb5 16. a3 Qb6 17. Bc3 Ne5 18. Rfd1 Bd7 19. e3 Rbc8 20. Qe2 Qb8 21. Bf1 Bf6
22. Rac1 b4 23. axb4 Ba4 24. Re1 cxb4 25. Bd4 Bb3 26. Bg2 Rxc1 27. Rxc1 Rc8 28.
Qe1 Bc2 29. Qd2 b3 30. Qa5 Nc4 31. Qc3 Ne5 32. Qa5 Qa8 33. Qe1 Qa2 34. Ra1 Ra8
35. Rxa2 bxa2 36. Qa1 Nc4 37. Ne2 Nd2 38. Nc1 Bxd4 39. exd4 Nb3 40. Nxb3 Bxb3
41. Bf3 Ra4 42. Kf1 Rxd4 43. Ke1 Kf7 44. h5 Kg8 45. h6 Kf7 46. Be2 Rxd5 47. Qc1
Rc5 48. Qa1 Rd5 49. Qc1 Rc5 1/2-1/2

[Event "ch-city A"]
[Site "Warszawa"]
[Date "2012.06.02"]
[Round "8.10"]
[White "Liberadzki, Slawomir"]
[Black "Winiarski, Mikolaj"]
[Result "1/2-1/2"]
[WhiteElo "2080"]
[BlackElo "1955"]
[PlyCount "132"]
[EventDate "2012.05.26"]
[EventType "swiss"]
[EventRounds "9"]
[EventCountry "POL"]

1. c4 e5 2. Nc3 Nc6 3. g3 g6 4. Bg2 Bg7 5. e3 d6 6. Nge2 f5 7. O-O Nf6 8. Rb1
O-O 9. b4 Rb8 10. d4 e4 11. Qa4 Bd7 12. b5 Ne7 13. Rd1 b6 14. c5 d5 15. Ba3 a5
16. Qb3 Be6 17. cxb6 cxb6 18. Rbc1 g5 19. Na4 Rf7 20. Bxe7 Rxe7 21. Rc2 Bf8 22.
Rc6 Ne8 23. Rdc1 Nd6 24. Nec3 Nc8 25. Bh3 g4 26. Bf1 Na7 27. Rxe6 Rxe6 28. Nxd5
Kh8 29. Nf4 Rh6 30. Qf7 Qe7 31. Qxf5 Bg7 32. Bg2 Qa3 33. Rc7 Qxa4 34. Rxa7 Qd1+
35. Bf1 Rg8 36. Rxg7 Kxg7 37. Qg5+ Rg6 38. Qe7+ Kh8 39. Nxg6+ hxg6 40. Qxe4 Rc8
41. Qxg6 Rc1 42. Qe8+ Kg7 43. Qe5+ Kh6 44. Qe6+ Kg7 45. Qe7+ Kh6 46. Qe6+ Kg7
47. Qe7+ Kh6 48. Qf6+ Kh7 49. Qf5+ Kh6 50. Qf4+ Kh5 51. Qf5+ Kh6 52. Qe6+ Kg7
53. Qe5+ Kh6 54. Qd6+ Kg7 55. Qe5+ Kh6 56. Qh8+ Kg6 57. Qg8+ Kh6 58. Qh8+ Kg6
59. Qe8+ Kh6 60. Qe6+ Kg7 61. Qe5+ Kh6 62. Qf4+ Kh5 63. Qf7+ Kh6 64. Qe6+ Kg7
65. Qe5+ Kh6 66. Qf4+ Kh5 1/2-1/2

[Event "ch-city A"]
[Site "Warszawa"]
[Date "2012.06.02"]
[Round "8.11"]
[White "Szewczyk, Mariusz"]
[Black "Sujkowski, Pawel"]
[Result "1-0"]
[WhiteElo "1920"]
[BlackElo "1964"]
[PlyCount "77"]
[EventDate "2012.05.26"]
[EventType "swiss"]
[EventRounds "9"]
[EventCountry "POL"]

1. e4 e6 2. d4 d5 3. Nc3 Bb4 4. e5 Ne7 5. Bd3 c5 6. dxc5 Nd7 7. Nf3 Nxc5 8. O-O
Bd7 9. Bg5 Rc8 10. Nb5 Bxb5 11. Bxb5+ Nd7 12. c3 Bc5 13. b4 Bb6 14. c4 dxc4 15.
Qe2 a6 16. Bxc4 h6 17. Bh4 g5 18. Bg3 Nf5 19. Kh1 Qe7 20. a3 h5 21. h4 gxh4 22.
Bf4 Rg8 23. Rac1 Rd8 24. Bd3 Rg4 25. Qd2 Nf8 26. Rfd1 Nh7 27. Nh2 Rg8 28. Qc2
h3 29. g3 Nf8 30. Bxf5 exf5 31. Qxf5 Ne6 32. Qxh5 Rxd1+ 33. Rxd1 Bxf2 34. Ng4
Nxf4 35. gxf4 Bh4 36. Rg1 Kd8 37. f5 Bg5 38. Nh6 Qxe5 39. Nxf7+ 1-0

[Event "ch-city A"]
[Site "Warszawa"]
[Date "2012.06.02"]
[Round "8.12"]
[White "Kubeczko, Grzegorz"]
[Black "Pietocha, Pawel"]
[Result "0-1"]
[WhiteElo "2015"]
[BlackElo "2124"]
[PlyCount "60"]
[EventDate "2012.05.26"]
[EventType "swiss"]
[EventRounds "9"]
[EventCountry "POL"]

1. c4 e5 2. g3 Bc5 3. Bg2 Nf6 4. Nc3 O-O 5. Nf3 e4 6. Ng5 Bxf2+ 7. Kxf2 Ng4+ 8.
Kg1 Qxg5 9. h3 Nf6 10. Kh2 Qg6 11. Rf1 c6 12. d3 exd3 13. exd3 Rd8 14. Ne4 Ne8
15. Ng5 f5 16. c5 d5 17. cxd6 Nxd6 18. Qb3+ Nf7 19. g4 Rf8 20. Bd2 Na6 21. d4
h6 22. gxf5 Bxf5 23. Nxf7 Rxf7 24. Rxf5 Qxf5 25. Rf1 Qd7 26. Be4 Raf8 27. Bf5
Qxd4 28. Be3 Qe5+ 29. Kg2 Kh8 30. Bg6 Rxf1 0-1

[Event "ch-city A"]
[Site "Warszawa"]
[Date "2012.06.02"]
[Round "8.13"]
[White "Piotrowski, Arkadiusz"]
[Black "Pastuszko, Kinga"]
[Result "0-1"]
[WhiteElo "1959"]
[BlackElo "1945"]
[PlyCount "142"]
[EventDate "2012.05.26"]
[EventType "swiss"]
[EventRounds "9"]
[EventCountry "POL"]

1. e4 e5 2. Nf3 Nc6 3. Bc4 Bc5 4. d3 Nf6 5. h3 a6 6. a4 O-O 7. Nc3 Be7 8. Nd5
d6 9. Nxe7+ Nxe7 10. Bg5 Ng6 11. Qd2 Be6 12. Bxe6 fxe6 13. Qb4 b6 14. Qb3 Qd7
15. h4 h5 16. O-O-O Ng4 17. Rd2 b5 18. a5 c5 19. Rf1 Kh8 20. Ne1 d5 21. f3 Nf6
22. Rg1 Qc7 23. Qa2 c4 24. dxc4 bxc4 25. Bxf6 gxf6 26. c3 Nf4 27. g3 Rg8 28.
Kb1 Qc5 29. Rf1 Rxg3 30. Nc2 Rg1 31. Rdd1 Rxf1 32. Rxf1 Rg8 33. Qa4 Qb5 34.
Qxb5 axb5 35. a6 Ra8 36. Nb4 d4 37. Kc2 d3+ 38. Kd2 Ng6 39. Rh1 Kg7 40. Ke3 Kf7
41. Kf2 Ne7 42. Ra1 Nc8 43. b3 Na7 44. bxc4 bxc4 45. Ra5 Rd8 46. Ke1 Rc8 47.
Kd2 Ke7 48. f4 Kd6 49. Ke3 Rg8 50. fxe5+ fxe5 51. Ra1 Rg3+ 52. Kf2 Rg4 53. Ke3
Rxh4 54. Rg1 Rg4 55. Rh1 h4 56. Kf3 Rg3+ 57. Kf2 Rg4 58. Kf3 Rf4+ 59. Ke3 Nb5
60. Ra1 Rf7 61. Nxd3 cxd3 62. Kxd3 h3 63. Kc4 Kc6 64. Kb4 h2 65. c4 Na7 66. Rh1
Rh7 67. c5 Rh4 68. Ka5 Nb5 69. Kb4 Rxe4+ 70. Ka5 Rh4 71. a7 Nxa7 0-1

[Event "ch-city A"]
[Site "Warszawa"]
[Date "2012.06.02"]
[Round "8.14"]
[White "Suchocki, Tomasz"]
[Black "Rozycki, Bartlomiej"]
[Result "1/2-1/2"]
[WhiteElo "1949"]
[BlackElo "1922"]
[PlyCount "78"]
[EventDate "2012.05.26"]
[EventType "swiss"]
[EventRounds "9"]
[EventCountry "POL"]

1. Nf3 d5 2. e3 Nf6 3. b3 c5 4. Bb2 Nc6 5. Bb5 e6 6. Ne5 Qb6 7. Nc3 a6 8. Bxc6+
bxc6 9. Na4 Qa5 10. c4 Bd6 11. f4 Qc7 12. O-O O-O 13. Qf3 Ne4 14. Qe2 Nf6 15.
Rac1 Bd7 16. Nd3 Ne4 17. Ba3 Qa5 18. Rfd1 Rfc8 19. Ne1 f5 20. Nf3 Be8 21. d3
Nf6 22. Qd2 Qc7 23. Bxc5 Bh5 24. Bxd6 Qxd6 25. Nb6 d4 26. Nxc8 Rxc8 27. Re1
Bxf3 28. gxf3 Nh5 29. c5 Qc7 30. Rc4 Rd8 31. Rxd4 Rxd4 32. exd4 Nxf4 33. Re5 g5
34. Kf1 Qd8 35. Qc3 Qf6 36. Ke1 Qh6 37. Qd2 Qh3 38. Kd1 Qf1+ 39. Kc2 Kf7
1/2-1/2

[Event "ch-city A"]
[Site "Warszawa"]
[Date "2012.06.02"]
[Round "8.15"]
[White "Kaliszewski, Tomasz"]
[Black "Olejarczyk, Bogdan"]
[Result "0-1"]
[WhiteElo "2020"]
[BlackElo "2132"]
[PlyCount "86"]
[EventDate "2012.05.26"]
[EventType "swiss"]
[EventRounds "9"]
[EventCountry "POL"]

1. e4 d5 2. exd5 Qxd5 3. Nc3 Qd6 4. d4 Nf6 5. Nf3 a6 6. a4 Nc6 7. Be2 Bf5 8.
Be3 Nb4 9. Rc1 h6 10. O-O e6 11. Ne5 Rd8 12. Bf3 c6 13. Ne2 Nbd5 14. Ng3 Bh7
15. Nh5 Nxh5 16. Bxh5 g6 17. Be2 Bg7 18. Nc4 Qc7 19. a5 O-O 20. c3 c5 21. Qb3
Nxe3 22. fxe3 Rd7 23. Nb6 Re7 24. Qc4 Rd8 25. Bf3 cxd4 26. Qxc7 Rxc7 27. cxd4
Re7 28. Nc8 Red7 29. Rc4 e5 30. d5 f5 31. e4 g5 32. h3 Kh8 33. Rfc1 fxe4 34.
Bg4 Rxd5 35. Rc7 Rb5 36. Rf1 Bf8 37. Kh1 Rxb2 38. Nb6 e3 39. Nd7 Rf2 40. Re1
Bd6 41. Rxb7 Be4 42. Ra7 Bb8 43. Rxa6 Rxg2 0-1

[Event "ch-city A"]
[Site "Warszawa"]
[Date "2012.06.02"]
[Round "8.16"]
[White "Eggink, Mateusz"]
[Black "Zaczek, Jonathon"]
[Result "1/2-1/2"]
[WhiteElo "2012"]
[BlackElo "2117"]
[PlyCount "60"]
[EventDate "2012.05.26"]
[EventType "swiss"]
[EventRounds "9"]
[EventCountry "POL"]

1. e4 c5 2. Nf3 d6 3. d4 cxd4 4. Nxd4 Nf6 5. Nc3 a6 6. Bg5 e6 7. f4 Qb6 8. Nb3
Nbd7 9. Qf3 Qc7 10. O-O-O Be7 11. g4 b5 12. Bxf6 Nxf6 13. g5 Nd7 14. Bd3 b4 15.
Ne2 Bb7 16. Rhg1 e5 17. Kb1 exf4 18. Nxf4 Ne5 19. Qe2 g6 20. h4 O-O 21. h5 Rfc8
22. hxg6 hxg6 23. Rh1 Kg7 24. Nd4 Qd7 25. Rdg1 Nxd3 26. cxd3 Rh8 27. Nf5+ gxf5
28. Nh5+ Kg6 29. Nf4+ Kg7 30. Nh5+ Kg6 1/2-1/2

[Event "ch-city A"]
[Site "Warszawa"]
[Date "2012.06.02"]
[Round "8.17"]
[White "Gasik, Piotr"]
[Black "Gluszko, Monika"]
[Result "0-1"]
[WhiteElo "2124"]
[BlackElo "2057"]
[PlyCount "66"]
[EventDate "2012.05.26"]
[EventType "swiss"]
[EventRounds "9"]
[EventCountry "POL"]

1. c4 e5 2. Nc3 Nf6 3. Nf3 Nc6 4. g3 d5 5. cxd5 Nxd5 6. Bg2 Nb6 7. O-O Be7 8.
d3 O-O 9. Be3 f5 10. Na4 Qe8 11. Bc5 Nxa4 12. Bxe7 Nxe7 13. Nxe5 Nb6 14. Qb3+
Kh8 15. a4 c6 16. a5 Nbd5 17. Rfc1 Nc7 18. e4 fxe4 19. dxe4 Ng6 20. Nd3 Qf7 21.
Qb4 Na6 22. Qd4 Bg4 23. f4 Rad8 24. Qe3 Bc8 25. Nf2 Rfe8 26. Ra3 Nc7 27. a6
Nxa6 28. Qxa7 Qe7 29. h4 Qb4 30. h5 Ne7 31. f5 c5 32. Nd3 Rxd3 33. Rxd3 Nc6 0-1

[Event "ch-city A"]
[Site "Warszawa"]
[Date "2012.06.02"]
[Round "8.18"]
[White "Kowalska, Elzbieta"]
[Black "Spicak, Krzysztof"]
[Result "0-1"]
[WhiteElo "1944"]
[BlackElo "2009"]
[PlyCount "180"]
[EventDate "2012.05.26"]
[EventType "swiss"]
[EventRounds "9"]
[EventCountry "POL"]

1. e4 e6 2. d4 d5 3. e5 c5 4. c3 Qb6 5. Nf3 Bd7 6. Be2 Bb5 7. O-O Nc6 8. Bxb5
Qxb5 9. b3 cxd4 10. cxd4 Qb6 11. Nc3 Qa6 12. a4 Qb6 13. Rb1 a6 14. Be3 Nge7 15.
g4 Nb4 16. Ng5 h6 17. Nh3 Nec6 18. Qd2 Qd8 19. f4 Qh4 20. Qg2 h5 21. g5 Qg4 22.
Ne2 Nc2 23. Rf3 Qf5 24. Rd1 Nxe3 25. Rxe3 Qc2 26. Qf1 g6 27. Rc3 Qb2 28. Nf2
Qa3 29. Nd3 Qe7 30. Rdc1 Qd7 31. Nc5 Bxc5 32. Rxc5 O-O 33. Qe1 Rac8 34. Qc3
Rfd8 35. Kf2 Kf8 36. Rc2 Ne7 37. Qb4 Ke8 38. Qb6 Rc6 39. Rxc6 Nxc6 40. b4 Rc8
41. b5 axb5 42. Qxb5 Na7 43. Rxc8+ Nxc8 44. Qb4 Qc6 45. Nc3 Nb6 46. Ke2 Qc4+
47. Qxc4 Nxc4 48. Kd3 Kd7 49. Kc2 Kc6 50. Kb3 Nd2+ 51. Kb4 Nf3 52. Nb5 Nxh2 53.
Nd6 Nf3 54. Nxf7 h4 55. Nh6 h3 56. Ng4 Nxd4 57. Kc3 Ne2+ 58. Kd3 Nxf4+ 59. Ke3
Nh5 60. Kf3 Kc5 61. Nf6 h2 62. Kg2 Nf4+ 63. Kxh2 Nd3 64. Nd7+ Kd4 65. Kg3 Nxe5
66. Nf8 Ke4 67. Nxe6 Kf5 68. Nc7 d4 69. Kf2 Ke4 70. a5 Nd3+ 71. Ke2 Nc5 72. Ne8
d3+ 73. Kd1 Kd5 74. Nf6+ Kc4 75. Ng4 Kc3 76. Ne5 Na4 77. Nf3 Nb2+ 78. Ke1 Nc4
79. Kd1 d2 80. Ke2 Kc2 81. Nd4+ Kc1 82. Nb3+ Kc2 83. Nd4+ Kc3 84. Nf3 Nxa5 85.
Nxd2 b5 86. Nb1+ Kd4 87. Kf3 b4 88. Kf4 Nc4 89. Kf3 Kd3 90. Kf4 b3 0-1

[Event "ch-city A"]
[Site "Warszawa"]
[Date "2012.06.03"]
[Round "9.1"]
[White "Deszczynski, Adam"]
[Black "Leniart, Arkadiusz"]
[Result "1/2-1/2"]
[WhiteElo "2356"]
[BlackElo "2458"]
[PlyCount "48"]
[EventDate "2012.05.26"]
[EventType "swiss"]
[EventRounds "9"]
[EventCountry "POL"]

1. e4 c5 2. Nf3 e6 3. d4 cxd4 4. Nxd4 Nc6 5. Nc3 Qc7 6. Be3 a6 7. Bd3 Nf6 8.
O-O Nxd4 9. Bxd4 Bc5 10. Bxc5 Qxc5 11. Na4 Qc6 12. c4 d6 13. Rc1 Bd7 14. Nc3
Qc5 15. Kh1 h5 16. f3 h4 17. Qe1 g5 18. Qf2 Qxf2 19. Rxf2 Nh5 20. Rd2 Ke7 21.
Rcd1 Rhd8 22. Bf1 Bc6 23. Kg1 a5 24. b3 Rac8 $11 1/2-1/2

[Event "ch-city A"]
[Site "Warszawa"]
[Date "2012.06.03"]
[Round "9.2"]
[White "Skawinski, Arkadiusz"]
[Black "Strzemiecki, Zbigniew"]
[Result "0-1"]
[WhiteElo "2303"]
[BlackElo "2416"]
[PlyCount "94"]
[EventDate "2012.05.26"]
[EventType "swiss"]
[EventRounds "9"]
[EventCountry "POL"]

1. e4 e6 2. d4 d5 3. e5 c5 4. c3 Qb6 5. Nf3 Nc6 6. a3 c4 7. Nbd2 Na5 8. g3 Bd7
9. Bh3 $11 Ne7 10. O-O Nec6 11. Re1 Be7 12. Nf1 Nb3 13. Rb1 h6 14. Ne3 O-O-O
15. Nd2 Nca5 16. Nxb3 Nxb3 17. Qe2 Kb8 18. f4 g6 19. Bg2 Bc6 20. h3 h5 21. Kh2
Qc7 22. Nf1 Ba4 23. Be3 Rh7 24. Kh1 Rhh8 25. Nh2 a5 26. Qf2 Be8 27. Bf3 Rc8 28.
Bd1 Ba4 29. Nf3 b5 30. Nd2 Nxd2 31. Qxd2 Bb3 32. Bc2 Qc6 33. Qd1 Bxc2 34. Qxc2
Kc7 35. Ra1 Ra8 36. Reb1 b4 37. axb4 axb4 38. Qc1 b3 39. Kg1 Ra2 40. Kf1 Rha8
41. h4 Qa4 42. Rxa2 bxa2 43. Ra1 Qb3 44. Ke1 Rb8 45. Kd2 Qxb2+ 46. Qxb2 Rxb2+
47. Kc1 Ba3 0-1

[Event "ch-city A"]
[Site "Warszawa"]
[Date "2012.06.03"]
[Round "9.3"]
[White "Grabarczyk, Miroslaw"]
[Black "Cajbel, Maciej"]
[Result "1/2-1/2"]
[WhiteElo "2445"]
[BlackElo "2222"]
[PlyCount "31"]
[EventDate "2012.05.26"]
[EventType "swiss"]
[EventRounds "9"]
[EventCountry "POL"]

1. d4 c5 2. d5 d6 3. c4 e5 4. Nc3 Be7 5. e4 Bg5 6. Bxg5 Qxg5 7. Qa4+ Bd7 8. Qb3
b6 9. Nf3 Qg6 10. g3 Ne7 11. Bg2 O-O 12. O-O f5 13. Nh4 Qh6 14. exf5 Nxf5 15.
Nxf5 Bxf5 16. Ne4 1/2-1/2

[Event "ch-city A"]
[Site "Warszawa"]
[Date "2012.06.03"]
[Round "9.4"]
[White "Sznapik, Aleksander"]
[Black "Nurkiewicz, Maciej"]
[Result "1/2-1/2"]
[WhiteElo "2397"]
[BlackElo "2407"]
[PlyCount "58"]
[EventDate "2012.05.26"]
[EventType "swiss"]
[EventRounds "9"]
[EventCountry "POL"]

1. e4 e5 2. Nf3 Nc6 3. Bc4 Nf6 4. d3 Be7 5. O-O O-O 6. Re1 d6 7. a4 Be6 8. Bxe6
fxe6 9. c3 Qd7 10. Nbd2 d5 11. b4 a6 12. Bb2 Bd6 13. b5 axb5 14. axb5 Rxa1 15.
Bxa1 Ne7 16. Qb3 Ng6 17. c4 d4 18. Bb2 Qe7 19. Ra1 Nd7 20. Qc2 Bb4 21. Rf1 Nc5
22. g3 Qf6 23. Bc1 h5 24. Qb1 Bxd2 25. Nxd2 Ra8 26. Nb3 Na4 27. Bd2 Qf3 28. Bb4
Nc3 29. Bxc3 Nh4 1/2-1/2

[Event "ch-city A"]
[Site "Warszawa"]
[Date "2012.06.03"]
[Round "9.5"]
[White "Rudolf, Michal"]
[Black "Adamski, Andrzej"]
[Result "1-0"]
[WhiteElo "2383"]
[BlackElo "2268"]
[PlyCount "75"]
[EventDate "2012.05.26"]
[EventType "swiss"]
[EventRounds "9"]
[EventCountry "POL"]

1. e4 e5 2. Nf3 Nc6 3. Bb5 f5 4. d3 d6 5. O-O fxe4 6. dxe4 Nf6 7. Qd3 a6 8.
Bxc6+ bxc6 9. Qc4 Bd7 10. Nc3 Qe7 11. Qb3 Qf7 12. Qb7 Rc8 13. Qxa6 Be7 14. Bg5
h6 15. Bxf6 Bxf6 16. Nd2 Bg5 17. Rad1 Qg6 18. Qc4 Rf8 19. Ne2 h5 20. f4 Bxf4
21. Nxf4 exf4 22. Nf3 Rb8 23. b3 Rb5 24. a4 Rc5 25. Qd3 h4 26. Nxh4 Qh7 27. Nf3
Rh5 28. Rfe1 Kf7 29. e5 Bf5 30. Qc4+ Be6 31. Qxc6 d5 32. Rxd5 Re8 33. Rd4 g5
34. Qxc7+ Re7 35. Qc6 g4 36. Rxf4+ Kg7 37. Nd4 Bd7 38. Qf6+ 1-0

[Event "ch-city A"]
[Site "Warszawa"]
[Date "2012.06.03"]
[Round "9.6"]
[White "Janczarski, Michal"]
[Black "Jarmula, Lukasz"]
[Result "0-1"]
[WhiteElo "2345"]
[BlackElo "2050"]
[PlyCount "78"]
[EventDate "2012.05.26"]
[EventType "swiss"]
[EventRounds "9"]
[EventCountry "POL"]

1. Nf3 Nf6 2. c4 g6 3. Nc3 Bg7 4. g3 O-O 5. Bg2 c6 6. d4 d5 7. O-O dxc4 8. Ne5
Ng4 9. Nxg4 Bxg4 10. h3 Be6 11. e3 Na6 12. Ne2 Nb4 13. Nf4 Qd7 14. Bd2 Nd3 15.
Nxe6 Qxe6 16. Qc2 c5 17. d5 Qd6 18. Bc3 Nb4 19. Qe4 b5 20. Bxg7 Kxg7 21. Rfd1
Rad8 22. a3 Nd3 23. b3 Qf6 24. Rf1 Nb2 25. Qc2 cxb3 26. Qxc5 Nc4 27. Rad1 b2
28. Be4 Qb6 29. Qxe7 Rfe8 30. Qh4 Nxa3 31. Bb1 Nxb1 32. Rxb1 Rxd5 33. Rxb2 a5
34. Rfb1 b4 35. Qg4 Rb8 36. h4 h5 37. Qf4 Rbd8 38. Kh2 Qf6 39. Ra2 Rf5 0-1

[Event "ch-city A"]
[Site "Warszawa"]
[Date "2012.06.03"]
[Round "9.7"]
[White "Malec, Sebastian"]
[Black "Jarmula, Pawel"]
[Result "0-1"]
[WhiteElo "2088"]
[BlackElo "2157"]
[PlyCount "98"]
[EventDate "2012.05.26"]
[EventType "swiss"]
[EventRounds "9"]
[EventCountry "POL"]

1. Nf3 d5 2. c4 d4 3. e3 c5 4. exd4 cxd4 5. d3 Nc6 6. g3 e5 7. Bg2 Nf6 8. O-O
Bd6 9. Re1 Bg4 10. h3 Bxf3 11. Qxf3 O-O 12. Bg5 Be7 13. Nd2 Nd7 14. Bxe7 Qxe7
15. a3 a5 16. g4 a4 17. Qg3 Qd6 18. Ne4 Qc7 19. Qh4 Nd8 20. Ng3 Nc5 21. Nf5
Nde6 22. Rad1 Rae8 23. Be4 Nxe4 24. Rxe4 f6 25. Qg3 g6 26. Nh4 Qb6 27. Rd2 Nc5
28. f3 Nxe4 29. fxe4 Qb3 30. g5 fxg5 31. Qxg5 Qb6 32. Nf5 Qf6 33. Nh6+ Kg7 34.
Qxf6+ Rxf6 35. Ng4 Rb6 36. Kg2 Ree6 37. Kg3 Rb3 38. Nf2 h5 39. h4 Rc6 40. Kf3
Rxc4 41. Ke2 Rc6 42. Kd1 Kh6 43. Nh3 Rf6 44. Kc2 Rbb6 45. Rg2 Rf3 46. Rh2 Rbf6
47. Kd2 Rf1 48. Kc2 Rc6+ 49. Kd2 Rfc1 0-1

[Event "ch-city A"]
[Site "Warszawa"]
[Date "2012.06.03"]
[Round "9.8"]
[White "Pietocha, Pawel"]
[Black "Szewczyk, Mariusz"]
[Result "1/2-1/2"]
[WhiteElo "2124"]
[BlackElo "1920"]
[PlyCount "60"]
[EventDate "2012.05.26"]
[EventType "swiss"]
[EventRounds "9"]
[EventCountry "POL"]

1. e4 c5 2. c3 Nf6 3. e5 Nd5 4. d4 cxd4 5. Nf3 d6 6. cxd4 Nc6 7. exd6 Qxd6 8.
Be2 Qb4+ 9. Nc3 Bg4 10. O-O Bxf3 11. Bxf3 Nxc3 12. bxc3 Qxc3 13. d5 Nd4 14.
Qa4+ b5 15. Qa6 Qc8 16. Qa5 Nxf3+ 17. gxf3 Qd7 18. Bb2 Qxd5 19. Rfd1 Qg5+ 20.
Kh1 f6 21. Qc7 Kf7 22. Qb7 Re8 23. Rd5 Qh4 24. Kg2 h5 25. Bc1 g5 26. Rxb5 g4
27. f4 Qh3+ 28. Kg1 h4 29. Qd7 Qf3 30. Rb3 Qa8 $11 1/2-1/2

[Event "ch-city A"]
[Site "Warszawa"]
[Date "2012.06.03"]
[Round "9.11"]
[White "Gorecki, Andrzej"]
[Black "Winiarski, Mikolaj"]
[Result "1-0"]
[WhiteElo "2102"]
[BlackElo "1955"]
[PlyCount "39"]
[EventDate "2012.05.26"]
[EventType "swiss"]
[EventRounds "9"]
[EventCountry "POL"]

1. d4 d5 2. c4 e5 3. dxe5 d4 4. e4 Nc6 5. f4 f6 6. Nf3 fxe5 7. fxe5 Nxe5 8.
Nxe5 Qh4+ 9. g3 Bb4+ 10. Kf2 Qxe4 11. Bg2 Qxe5 12. Qa4+ Bd7 13. Qxb4 Ne7 14.
Re1 O-O+ 15. Kg1 Qf6 16. Rf1 Qe6 17. Bf4 Bc6 18. Re1 Qg4 19. Qxe7 Bxg2 20. Qe6+
1-0